Santi patroni delle regioni d'Italia - Statistics

Statistiche generali
  • Questo quiz è stato fatto 93 volte
  • Il punteggio medio è 10 su 20
Statistiche sulle risposte
Regione Patrono % Corretto
Umbria San Francesco d'Assisi
87%
Calabria San Francesco di Paola
87%
Abruzzo San Gabriele dell'Addolorata / San Camillo de Lellis / San Pietro Celestino / Madonna Addolorata
80%
Lazio San Pietro / San Paolo
80%
Campania San Gennaro / San Paolino da Nola
75%
Veneto San Marco Evangelista
68%
Lombardia Sant'Ambrogio / San Carlo Borromeo
63%
Basilicata San Gerardo Maiella / Madonna Nera
55%
Puglia San Nicola
55%
Sardegna Madonna di Bonaria / Sant'Agostino
53%
Toscana Madonna di Montenero
51%
Molise Maria Addolorata di Castelpetroso
43%
Marche Maria Vergine di Loreto
43%
Sicilia Maria Vergine Odigitria
43%
Piemonte Sant'Eusebio di Vercelli
24%
Trentino Alto Adige San Vigilio / Sant'Arrigo da Bolzano
16%
Liguria San Bernardo di Chiaravalle
13%
Valle d'Aosta San Grato di Aosta
13%
Emilia Romagna Sant'Apollinare
12%
Friuli Venezia Giulia Sant'Ermagora / San Fortunato
9%
Nessun quiz corrispondente trovato
Distribuzione punteggi
Percentuale di utenti per punteggio
Percentile per numero di risposta
I tuoi punteggi nel tempo
Non hai fatto questo quiz